Environmentálna podniková ekonomika

Gespeichert in:
Bibliographische Detailangaben
1. Verfasser: Majerník, Milan, 1952-
Körperschaft: Ekonomická univerzita v Bratislave. Podnikovohospodárska fakulta so sídlom v Košiciach
Weitere Verfasser: Andrejovský, Pavol, 1975-, Daneshjo, Naqibullah, 1964-, Sančiová, Gabriela, 1991-, Dirner, Vojtech, Ladomerský, Juraj, Adamišin, Peter
Format: Buch
Sprache:Slowakisch
Veröffentlicht: Košice Typopress 2017
Ausgabe:1. vyd.
Schlagworte:
Tags: Tag hinzufügen
Keine Tags, Fügen Sie das erste Tag hinzu!

MARC

LEADER 00000nam a2200000 4500
001 0239370
005 20240502073858.4
020 |a 978-80-8129-080-0 
041 0 |a slo 
044 |a SK 
245 1 0 |a Environmentálna podniková ekonomika  |c Milan Majerník ... [et al.] ; recenzenti: Vojtech Dirner, Juraj Ladomerský, Peter Adamišin 
250 |a 1. vyd. 
264 1 |a Košice  |b Typopress  |c 2017 
300 |a 249 s. [12,52 AH] 
610 2 0 |a hospodárstvo podnikové 
610 2 0 |a ochrana prostredia životného 
610 2 0 |a účtovníctvo nákladové 
610 2 0 |a účtovníctvo manažérske 
610 2 0 |a systémy environmentálne manažérske 
610 2 0 |a manažment environmentálny 
610 2 0 |a politika environmentálna 
610 2 0 |a ekonomika environmentálna 
100 1 |a Majerník, Milan, 1952- 
700 1 |a Andrejovský, Pavol, 1975- 
700 1 |a Daneshjo, Naqibullah, 1964- 
700 1 |a Sančiová, Gabriela, 1991- 
700 1 |a Dirner, Vojtech 
700 1 |a Ladomerský, Juraj 
700 1 |a Adamišin, Peter 
710 2 |a Ekonomická univerzita v Bratislave. Podnikovohospodárska fakulta so sídlom v Košiciach